00642nam a2200193 a 450000100100000000500170001000800410002708200210006810000250008924000360011424500870015025000110023726000470024830000310029550000320032653400470035870000300040504000130043500003677320200930075928.0120131s1962 ag c 000 0 spa d axxxbL866u, 19621 aLord, Walter,d1917-10aA night to remember.lEspañol13aLa última noche del Titanic /cWalter lord ; traducción de Rosa S. de Naveira. a3a ed. aBuenos Aires :bEdiciones Selectas,c1962. a217 p. :bretrs. ;c20 cm. aIncluye lista de pasajeros. atraducido del inglés A night to remember1 aNaveira, Rosa S. de,etr. aDO-SdBNP